LIBRARY & INFORMATION CENTRE, KCAET, TAVANUR

ONLINE PUBLIC ACCESS CATALOGUE (OPAC)

Normal view MARC view
  • Chaliyar river

Entry Topical Term

Number of records used in: 1

001 - CONTROL NUMBER

  • control field: 6130

003 - CONTROL NUMBER IDENTIFIER

  • control field: OSt

005 - DATE AND TIME OF LATEST TRANSACTION

  • control field: 20240312114300.0

008 - FIXED-LENGTH DATA ELEMENTS

  • fixed length control field: 240312|| aca||aabn | a|a d

040 ## - CATALOGING SOURCE

  • Original cataloging agency: OSt
  • Transcribing agency: OSt

150 ## - HEADING--TOPICAL TERM

  • Topical term or geographic name as entry element: Chaliyar river

670 ## - SOURCE DATA FOUND

  • Source citation: Work cat.: (OSt)18075: Aiswarya L, LANDSLIDE HAZARD VULNERABILITY AND RISK ASSESSMENT FOR CHALIYAR RIVER BASIN /, 2024
free website counter